000 00259nam a2200097Ia 4500
001 1141824
005 20250827010126.0
008 250824s9999 xx 000 0 und d
245 0 _aDÖRT YAVRU
_cURSULA K. LE GUİN
260 _bGÜNIŞIĞI KİTAPLIĞI YAYINLARI
999 _c1141824
_d1141824